000 00271nam a22001097a 4500
008 240709b |||||||| |||| 00| 0 eng d
100 _aMnohardas, Kaudomal
_916729
245 _aSahitik Pushp
260 _aBombay:
_bLok Seva Mandal;
_c1968.
300 _a252p.
942 _cBK
999 _c39803
_d39803